000 00810nam a22002057a 4500
003 OSt
005 20210427075841.0
008 210222s2010 ||||| |||| 00| 0 eng d
020 _a9780674061484
040 _aeng
_beng
_cDLC
041 _aeng
080 _a614
_bH-43
110 _91052
_aA Global Independent Commission The LANCET
245 _aHealth Professional for a New Century / Transforming Education to Strengthen Health Systems in an Independent World
_b: Education of Health Professionals for the 21st Century
_c/ by: Communications Development Incorporated
260 _aWashington DC
_bCommunications Development Incorporated
_c2010
300 _a95 p.
_bill.
650 0 _9337
_aPublic Health
653 _aსაზოგადოებრივი ჯანდაცვა
942 _2udc
_cBK
999 _c1634
_d1634